000
00229 a2200097 4500
001
53356
100
_a
Schwagler, B
245
_a
Software Engg a Practitioner,s approach
260
_a
N.Y
_b
Mc Graw Hill
_c
090
_c
33604
_d
33604
942
_a
NUST-CAE
_c
M
_c
26230
999
_c
288429
_d
288429